Toutes les communes de l'Essonne sur une carte - Statistiques

Statistiques générales
  • Ce quiz a été pris 45 fois
  • Le résultat moyen est 62 sur 194
Réponses sur la Carte
Les réponses sont colorées sur une échelle allant du rouge au vert en fonction du pourcentage des utilisateurs qui les ont devinées à leur premier essai. Vous pouvez retrouver ces pourcentages ci-dessous.
 
Statistiques - réponses
Réponse % Correct
Evry-Courcouronnes
95%
Corbeil-Essonnes
86%
Etampes
82%
Grigny
82%
Massy
82%
Arpajon
77%
Brétigny-sur-Orge
77%
Palaiseau
77%
Dourdan
73%
Fleury-Mérogis
73%
Gif-sur-Yvette
73%
Savigny-sur-Orge
73%
Athis-Mons
68%
Bures-sur-Yvette
68%
Epinay-sur-Orge
68%
Les Ulis
68%
Longjumeau
68%
Orsay
68%
Ris-Orangis
68%
Sainte-Geneviève-des-Bois
68%
Viry-Châtillon
68%
Bondoufle
64%
Draveil
64%
Igny
64%
Juvisy-sur-Orge
64%
Lisses
64%
Morangis
64%
Morsang-sur-Orge
64%
Saclay
64%
Saint-Michel-sur-Orge
64%
Yerres
64%
Chilly-Mazarin
59%
Etréchy
59%
Linas
59%
Marcoussis
59%
Saint-Germain-les-Arpajon
59%
Villebon-sur-Yvette
59%
Angerville
55%
Mennecy
55%
Vigneux-sur-Seine
55%
Champlan
50%
Janvry
50%
La Ville-du-Bois
50%
Wissous
50%
Egly
45%
Limours
45%
Longpont-sur-Orge
45%
Montgeron
45%
Montlhéry
45%
Paray-Vieille-Poste
45%
Quincy-sous-Sénart
45%
Verrières-le-Buisson
45%
Ballancourt-sur-essonne
41%
Boussy-Saint-Antoine
41%
Briis-sous-forges
41%
Epinay-sous-Sénart
41%
La-Ferté-Alais
41%
Le-Plessis-Pâté
41%
Marolles-en-Hurepoix
41%
Saulx-les-Chartreux
41%
Villabé
41%
Angervilliers
36%
Bièvres
36%
Boutigny-sur-Essonne
36%
Breuillet
36%
Brunoy
36%
Crosne
36%
Etiolles
36%
Gometz-la-Ville
36%
Lardy
36%
Maisse
36%
Milly-la-Forêt
36%
Saclas
36%
Saint-Aubin
36%
Saint-Chéron
36%
Saint-Cyr-sous-Dourdan
36%
Saint-Jean-de-Beauregard
36%
Sermaise
36%
Villejust
36%
Villiers-sur-Orge
36%
Boissy-sous-Saint-Yon
32%
Chamarande
32%
Fontenay-les-Briis
32%
Forges-les-Bains
32%
Gometz-le-Châtel
32%
Les-Molières
32%
Leuville-sur-Orge
32%
Nozay
32%
Ollainville
32%
Saint-Germain-lès-Corbeil
32%
Saintry-sur-Seine
32%
Soisy-sur-Seine
32%
Vauhallan
32%
Ballainvilliers
27%
Boullay-les-Troux
27%
Bouray-sur-Juine
27%
Itteville
27%
Le Mérévillois
27%
Morigny-Champigny
27%
Saint-Pierre-du-Perray
27%
Saint-Yon
27%
Vert-le-Grand
27%
Vert-le-Petit
27%
Villemoisson-sur-Orge
27%
Villiers-le-Bâcle
27%
Bruyères-le-Châtel
23%
Champcueil
23%
Echarcon
23%
Le Coudray-Montceaux
23%
Le Val-Saint-Germain
23%
Ormoy
23%
Pecqueuse
23%
Saint-Vrain
23%
Soisy-sur-Ecole
23%
Varennes-Jarcy
23%
Avrainville
18%
Boigneville
18%
Buno-bonnevaux
18%
Cerny
18%
Cheptainville
18%
Fontenay-le-Vicomte
18%
Gironville-sur-Essonne
18%
La-Forêt-le-Roi
18%
la Norville
18%
Leudeville
18%
Monnerville
18%
Morsang-sur-Seine
18%
Roinville
18%
Tigery
18%
Torfou
18%
Baulne
14%
Boissy-la-Riviere
14%
Boissy-le-Cutté
14%
Bouville
14%
Chatignonville
14%
Chauffour-lès-Etréchy
14%
Chevannes
14%
Courances
14%
Courdimanche-sur-Essonne
14%
Guibeville
14%
Guigneville-sur-Essonne
14%
Guillerval
14%
Les-Granges-le-Roi
14%
Nainville-les-Roches
14%
Ormoy-la-Rivière
14%
Saint-Maurice-Montcouronne
14%
Vaugrigneuse
14%
Villeconin
14%
Abbéville-la-Rivière
9%
Authon-la-Plaine
9%
Auvernaux
9%
Blandy
9%
Boissy-le-Sec
9%
Boutervilliers
9%
Chalo-Saint-Mars
9%
Champmotteux
9%
Corbreuse
9%
Courson-Monteloup
9%
Dannemois
9%
D'Huison-Longueville
9%
Fontaine-la-Rivière
9%
Janville-sur-Juine
9%
Marolles-en-Beauce
9%
Mauchamps
9%
Mérobert
9%
Mespuits
9%
Moigny-sur-Ecole
9%
Mondeville
9%
Plessis-Saint-Benoist
9%
Pussay
9%
Richarville
9%
Roinvilliers
9%
Saint-Cyr-la-Rivière
9%
Saint-Escobille
9%
Saint-Hilaire
9%
Saint-Sulpice-de-Favières
9%
Souzy-la-Briche
9%
Arrancourt
5%
Auvers-Saint-Georges
5%
Bois-Herpin
5%
Breux-Jouy
5%
Brières-les-Scelles
5%
Brouy
5%
Chalou-Moulineux
5%
Congerville-Thionville
5%
La-Forêt-Sainte-Croix
5%
Oncy-sur-Ecole
5%
Orveau
5%
Prunay-sur-Essonne
5%
Puiselet-le-Marais
5%
Valpuiseaux
5%
Vayres-sur-Essonne
5%
Videlles
5%
Villeneuve-sur-Auvers
5%
Aucun quiz correspondant
Distribution des résultats
% des personnes avec chaque résultat
Percentile par nombre de réponses
Votre historique - résultats
Vous n’avez pas pris ce quiz